Normal view MARC view

Entry Personal Name

Number of records used in: 2

001 - CONTROL NUMBER

  • control field: 9083

003 - CONTROL NUMBER IDENTIFIER

  • control field: DLC

005 - DATE AND TIME OF LATEST TRANSACTION

  • control field: 20220827113446.0

008 - FIXED-LENGTH DATA ELEMENTS

  • fixed length control field: 831122n| azannaabn |a aaa

010 ## - LIBRARY OF CONGRESS CONTROL NUMBER

  • LC control number: n 83183265
  • Canceled/invalid LC control number: no 99010513

035 ## - SYSTEM CONTROL NUMBER

  • System control number: (OCoLC)oca01000576

040 ## - CATALOGING SOURCE

  • Original cataloging agency: DLC
  • Language of cataloging: eng
  • Description conventions: rda
  • Transcribing agency: DLC
  • Modifying agency: DLC
  • Modifying agency: OCoLC
  • Modifying agency: DLC

100 0# - HEADING--PERSONAL NAME

  • Personal name: Rāghavavāriyar,
  • Dates associated with a name: 1936-

372 ## - FIELD OF ACTIVITY

  • Field of activity: History
  • Source of term: lcsh

373 ## - ASSOCIATED GROUP

  • Associated group: University of Calicut. Department of History
  • Source of term: naf

374 ## - OCCUPATION

  • Occupation: Historians
  • Source of term: lcdgt

377 ## - ASSOCIATED LANGUAGE

  • Language code: eng
  • Language code: mal

400 1# - SEE FROM TRACING--PERSONAL NAME

  • Personal name: Raghava Varier, M. R.,
  • Dates associated with a name: 1936-

400 1# - SEE FROM TRACING--PERSONAL NAME

  • Personal name: Varier, M. R. Raghava,
  • Dates associated with a name: 1936-

400 1# - SEE FROM TRACING--PERSONAL NAME

  • Personal name: Rāghavavāriyar, Eṃ. Ār.,
  • Dates associated with a name: 1936-

400 1# - SEE FROM TRACING--PERSONAL NAME

  • Personal name: Raghava Warrier, M. R.,
  • Dates associated with a name: 1936-

400 1# - SEE FROM TRACING--PERSONAL NAME

  • Personal name: Warrier, M. R. Raghava,
  • Dates associated with a name: 1936-

400 1# - SEE FROM TRACING--PERSONAL NAME

  • Personal name: Rāghava Vāriyar, Eṃ. Ār.,
  • Dates associated with a name: 1936-

670 ## - SOURCE DATA FOUND

  • Source citation: His Vaṭakkanpāṭṭukaḷuṭe paniyala, 1982:
  • Information found: t.p. (Rāghavavāriyar) p. facing t.p., etc. (M.R. Raghava Varier, Dept. of History, Univ. of Calicut; of Maṇalil Tr̥kkōvil Vāriyaṃ, b. 1936)

670 ## - SOURCE DATA FOUND

  • Source citation: His Aṭivērukaḷ, 1988:
  • Information found: t.p. (Ḍō. Eṃ. Ār. Rāghavavāriyar) p. facing t.p. (Dr.)

670 ## - SOURCE DATA FOUND

  • Source citation: New Delhi manual auth cd.
  • Information found: (specializn. in epigraphy; memb., Place Names Soc. of India)

670 ## - SOURCE DATA FOUND

  • Source citation: His Abhijñānaṃ, 1991:
  • Information found: t.p. (Eṃ. Ār. Rāghavavāriyar) p. opp. t.p. (Dr. M.R. Raghava Warrier)

670 ## - SOURCE DATA FOUND

  • Source citation: Madhyakāla Kēraḷaṃ, 1997:
  • Information found: t.p. (Eṃ. Ār. Rāghava Vāriyar) p. facing t.p. (M.R. Raghava Variyar) cover (Eṃ. Ār. Rāghavāriyar)

Powered by Koha